000 01061nam a22003137a 4500
005 20240530110420.0
008 140915s2011 ua f 000 0 ara d
017 _a2010/15465
_bمصر . دار الكتب المصرية
020 _a9789773287578
040 _aEG-CaGPL
082 0 4 _221
_a174.2\
_bع ا
100 0 _aعادل عوض
245 1 2 _aالاصول الفلسفية لاخلاقيات الطب /
_cعادل عوض
260 _aالاسكندرية :
_bدار الجامعة الجديدة ،
_c2011
300 _a244 ص ؛
_c24 سم
600 0 _aكارل ماركس .
600 0 _aجون ماينارد .
600 0 _aالفريد مارشال .
600 0 _aادم سميث .
650 0 4 _aالطيور
_xعلم
650 0 4 _aالوراثة
650 0 4 _aالاستنساخ
650 0 4 _aالطب
_x اخلاقيات
650 0 4 _aالوراثة
_x خصائص
650 0 4 _aفسيولوجيا الوراثة
650 0 4 _aالوراثة
_xخصائص
942 _2ddc
_cBK
999 _c60636
_d60636